|
|
|
|
| LEADER |
00000nab a2200000 a 4500 |
| 001 |
vtls009298265 |
| 003 |
SK-MaSNL |
| 005 |
20260303051718.0 |
| 008 |
171108 2008 xo r r 000 0 slo |
| 038 |
|
|
|a KEVKJB
|
| 040 |
|
|
|a KEVKJB
|b slo
|c KEVKJB
|e AACR2
|
| 041 |
0 |
|
|a slo
|
| 044 |
|
|
|a xo
|c SK
|
| 080 |
|
|
|a 351.746(437.672)
|2 2001
|
| 100 |
1 |
|
|a Lemešani, Tomáš
|4 aut
|9 611933
|
| 245 |
1 |
0 |
|a Záletník požiadal políciu, aby zistila, kto ho sleduje
|b na súkromnú detektívnu agentúru Helios sa obracali lízingové spoločnosti aj povádzané menželky
|c Tomáš Lemešani
|
| 300 |
|
|
|b Obr.
|
| 610 |
2 |
7 |
|a Helios (detektívna agentúra : Košice, Slovensko)
|2 SNKKA
|9 145402
|
| 650 |
0 |
7 |
|a súkromní detektívi
|2 SNKPH
|9 30990
|
| 650 |
0 |
7 |
|a detektívne služby
|2 SNKPH
|9 83775
|
| 651 |
|
7 |
|a Košice (Slovensko)
|2 SNKPHgeo
|9 18694
|
| 773 |
0 |
|
|t Košický večer
|g Roč. 19(40), č. 21 (23.5.2008), s. 5
|x 1336-5320
|
| 852 |
|
|
|a KEVKJB
|b KIS3GCP
|
| 999 |
|
|
|c 1712463
|d 1714393
|